|
|
|
|
| LEADER |
01967nam a2200577 i 4500 |
| 001 |
nkc20223421162 |
| 003 |
CZ PrNK |
| 005 |
20220613102720.0 |
| 007 |
ta |
| 008 |
220512s2022 xr a e f 000 0 cze |
| 015 |
|
|
|a cnb003421162
|
| 020 |
|
|
|a 978-80-7639-057-7
|q (brožováno)
|
| 035 |
|
|
|a (OCoLC)1335743591
|
| 040 |
|
|
|a BOA001
|b cze
|e rda
|
| 041 |
1 |
|
|a cze
|h ger
|
| 072 |
|
7 |
|a 646
|x Odívání. Péče o tělo
|2 Konspekt
|9 19
|
| 080 |
|
|
|a 646.21
|2 MRF
|
| 080 |
|
|
|a 687.023
|2 MRF
|
| 080 |
|
|
|a 688.721.27
|2 MRF
|
| 080 |
|
|
|a 646.2
|2 MRF
|
| 080 |
|
|
|a (035)
|2 MRF
|
| 080 |
|
|
|a (084.11)
|2 MRF
|
| 100 |
1 |
|
|a Andresen, Ina
|7 xx0259447
|4 aut
|
| 240 |
1 |
0 |
|a Puppenkleidung durch die Jahreszeiten.
|l Česky
|
| 245 |
1 |
0 |
|a Oblečky pro panenky :
|b pro všechna roční období /
|c Ina Andresenová ; překlad Lucie Navrátilová
|
| 264 |
|
1 |
|a Ostrava :
|b Bookmedia,
|c 2022
|
| 300 |
|
|
|a 48 stran :
|b barevné ilustrace ;
|c 22 cm +
|e střihová předloha (62 x 87 cm složeno na 22 x 16 cm)
|
| 336 |
|
|
|a text
|b txt
|2 rdacontent
|
| 336 |
|
|
|a statický obraz
|b sti
|2 rdacontent
|
| 337 |
|
|
|a bez média
|b n
|2 rdamedia
|
| 338 |
|
|
|a svazek
|b nc
|2 rdacarrier
|
| 490 |
1 |
|
|a Topp
|
| 500 |
|
|
|a Přeloženo z němčiny
|
| 500 |
|
|
|a Název z obálky
|
| 650 |
0 |
7 |
|a šití
|7 ph127803
|2 czenas
|
| 650 |
0 |
7 |
|a oděvy pro panenky
|7 ph1153215
|2 czenas
|
| 650 |
0 |
7 |
|a střihy
|7 ph136724
|2 czenas
|
| 650 |
0 |
9 |
|a sewing
|2 eczenas
|
| 650 |
0 |
9 |
|a doll clothes
|2 eczenas
|
| 650 |
0 |
9 |
|a fashion design
|2 eczenas
|
| 655 |
|
7 |
|a příručky
|7 fd133209
|2 czenas
|
| 655 |
|
7 |
|a obrazové publikace
|7 fd132947
|2 czenas
|
| 655 |
|
9 |
|a handbooks and manuals
|2 eczenas
|
| 655 |
|
9 |
|a pictorial works
|2 eczenas
|
| 700 |
1 |
|
|a Navrátilová, Lucie
|7 pag2008464147
|4 trl
|
| 830 |
|
0 |
|a Topp (Bookmedia)
|0 s
|
| 910 |
2 |
|
|a BOA001
|b 2-1485.941
|
| 990 |
|
|
|a BK
|
| 995 |
|
|
|a 01
|
| 991 |
|
|
|b 202206
|c NOV
|
| 996 |
6 |
|
|b 2610903767
|c 2-1485.941
|l MZK
|r Sklad / do 1 hodiny
|n 1
|p p.v.
|w 001887759
|u 000010
|a 1
|e BOA001
|j MZK50
|s P
|